000 00405nam a2200157Ia 4500
008 210716s2009 xx 000 0 und d
020 _a9788180940705
041 _aeng
082 _a574.80285 HEPS
100 _aHepsyba, S Gladis Helen; Hemalatha, C R.
245 _aBasic bioinformatics.
250 _a1
260 _aChennai
_bMJP Publishers
_c2009
300 _axvi,231
650 _aBioinformatics
999 _c181067
_d181067